00469nam a2200169Ia 4500008004100000041001200041082001600053100002900069245004800098365000600146520001300152546001200165630004800177650001300225655001300238730004800251101110s9999 xx 000 0 und d aMARATHI bSR2344a380 aVaydye Chintaman Ganesha aChitanisancha Patravyavhar Va Ahaval Lekhan b3 aCommerce aMARATHI aChitanisancha Patravyavhar Va Ahaval Lekhan aCommerce aCommerce aChitanisancha Patravyavhar Va Ahaval Lekhan